00759 2200241 4500001002100000005001700021008004100038035002400079040001500103082001100118090001800129100002100147245016800168250001100336260002300347300003000370500003100400650001400431700002300445700002200468850001200490990001500502YOGYA-0209000000343220090227020627.0 ind  0010-020900000003432 aYOPDYOG(B) a618.22 a618.22bSab U aSABBAGHA, Rudy E aUltrasonografi dalam kebidanan beresiko tinggi=Ultrasound in high-risk obstetrics)cRudy E. Sabbaghar ; editor, Frederick P. Zuspan ; alih bahasa, Petrus Andrianto aCet. 2 aJakartabEGCc1989 axii, 117 hlmbilusc22 cm aBibliografi ; hlm. 109-117 aKebidanan aZuspan, FrederickP aAndrianto, Petrus aYOPDYOG a95P0066245